01138nam a2200301Ia 450000500170000000800270001702000150004408200160005910000250007524501430010025000170024330000610026049000510032153400460037265000500041865000410046865000360050965000310054570000420057670000420061894200120066026400260067233600270069833700330072533800280075804000350078699900150082120220317000238.0141031s9999 ck 000 0 spa d a842418793804a745.5bF71e1 aFrankhauser, Susanne10aEnvolver regalosbpaquetes bonitos llenos de fantasíacSusanne Frankhauser, Ursula Müller-Wüstemann ; traducción Elsa Alfonso Mory a1a edición a46 páginasbilustraciones en colorc26 cm.e1 Patrón aColección Manualidades para todas las edades tGeschenke verpacken, fantasievoll & schon142LEMBaManualidadesxDiseño y construcción142LEMBaTrabajos en papelxEnseñanza142LEMBaManualidadesxEnseñanza142LEMBaEnvoltura de regalos1 aMüller - Wüstemann, Ursula9108901 aAlfonso Mory, Elsa,etraductor910891 2ddccBK aLeónbEverestc2002 atextobtxt2rdacontent asin mediaciónbn2rdamedia avolumenbnc2rdacarrier aCO-BoRNBPbspaerdacCO-BoRNBP c3509d3509